Statistics for 2021 Starting Qbs

Click here to take the quiz!

General Stats

  • This quiz has been taken 6 times
  • The average score is 40 of 49

Answer Stats

TeamQuarterback% Correct
Chicago BearsAndy Dalton
100%
Cleveland BrownsBaker Mayfield
100%
New York GiantsDaniel Jones
100%
Las Vegas RaidersDerek Carr
100%
New Orleans SaintsJameis Winston
100%
San Francisco 49ersJimmy Garoppolo
100%
Cincinnati BengalsJoe Burrow
100%
Chicago BearsJustin Fields
100%
Los Angeles ChargersJustin Herbert
100%
Minnesota VikingsKirk Cousins
100%
Arizona CardinalsKyler Murray
100%
New England PatriotsMac Jones
100%
Los Angeles RamsMatthew Stafford
100%
Atlanta FalconsMatt Ryan
100%
Carolina PanthersSam Darnold
100%
Tampa Bay BuccaneersTom Brady
100%
San Francisco 49ersTrey Lance
100%
Miami DolphinsTua Tagovailoa
100%
Green Bay PackersAaron Rodgers
80%
Pittsburgh SteelersBen Roethlisberger
80%
Carolina PanthersCam Newton
80%
Indianapolis ColtsCarson Wentz
80%
Dallas CowboysDak Prescott
80%
Denver BroncosDrew Lock
80%
Seattle SeahawksGeno Smith
80%
Philadelphia EaglesJalen Hurts
80%
Detroit LionsJared Goff
80%
Green Bay PackersJordan Love
80%
Buffalo BillsJosh Allen
80%
Baltimore RavensLamar Jackson
80%
Kansas City ChiefsPatrick Mahomes
80%
Seattle SeahawksRussell Wilson
80%
Tennessee TitansRyan Tannehill
80%
Washington CommandersTaylor Heinicke
80%
New Orleans SaintsTaysom Hill
80%
Denver BroncosTeddy Bridgewater
80%
Jacksonville JaguarsTrevor Lawrence
80%
Houston TexansTyrod Taylor
80%
New York JetsZach Wilson
80%
Arizona CardinalsColt McCoy
60%
Houston TexansDavis Mills
60%
Miami DolphinsJacoby Brissett
60%
New York JetsMike White
60%
Chicago BearsNick Foles
60%
Cleveland BrownsCase Keenum
40%
Philadelphia EaglesGardner Minshew
40%
New York GiantsMike Glennon
40%
New Orleans SaintsTrevor Siemian
40%
Baltimore RavensTyler Huntley
40%

Score Distribution

Percentile by Number Answered

Percent of People with Each Score

Your Score History

You have not taken this quiz